000 00519nam a2200193Ia 4500
005 20250923145459.0
008 008 250917s9999 xx 000 0 eng d
037 _aTextual
040 _aDSWL
_beng
_cDSWL
041 _aeng
_2eng
084 _aS:7x, N79
_qDSWL
245 0 _aIdentity and Adulthood
_cEd. by Sudhir Kakar
260 _aNew Delhi
_bDelhi Oxford
_c1979
300 _axiv,134 p.
365 _aINR
_b31.5
925 _g31.5
942 _cTEXL
_hS:7x, N79
999 _c1451863
_d1451863